| 000 | 01129nam a22003497a 4500 | ||
|---|---|---|---|
| 003 | CHAP | ||
| 005 | 20220329132956.0 | ||
| 008 | 971013s1990 r 00010 d | ||
| 010 | _a841 | ||
| 011 | _a1813 | ||
| 035 | _a990 | ||
| 040 | _cCHAP | ||
| 082 |
_a630.24 _bA88 1990 |
||
| 110 |
_aAssociation of Official Analytical Chemists _98163 |
||
| 245 | _aOfficial methods of analysis | ||
| 250 | _a15 ed. | ||
| 260 |
_aArlington, Vir. : _bThe Association, _c1990 |
||
| 300 |
_a2 v. _b: ilus. |
||
| 500 | _a39-65 | ||
| 590 |
_aBATCH-UPD _b10 _c20130110 _lUCH01 _h0308 |
||
| 590 |
_aBATCH-UPD _b10 _c20130110 _lUCH01 _h2052 |
||
| 590 |
_aBATCH-UPD _b10 _c20130410 _lUCH01 _h1405 |
||
| 590 |
_aBATCH-UPD _b10 _c20130914 _lUCH01 _h1605 |
||
| 590 |
_aCONVERSION _b10 _c20130109 _lUCH01 _h1302 |
||
| 650 | 1 | 4 |
_aQuímica agrícola. _993576 |
| 650 | 1 | 4 |
_aQuímica analítica. _993582 |
| 700 | 0 |
_aHelvich, Kenneth. _953488 |
|
| 901 | _aBK | ||
| 942 | _cLIBRO | ||
| 949 |
_a630.24 A88 1990 _bBC _cC _d33724000535225 _eC _fv.1 _gI. 151830 _h78310 _i990 _si _t1180.00 |
||
| 949 |
_a630.24 A88 1990 _bBC _cC _d33724000535233 _eC _fv.2 _h78310 _i990 _si _t1180.00 |
||
| 999 |
_c841 _d841 |
||